ARRUPE JESUIT UNIVERSITY

CORONAVIRUS -STOP THE SPREAD - CLEAN,DISINFECT,COVER

Senghor (Record no. 123360)

MARC details
000 -LEADER
fixed length control field 00450nam a22001577a 4500
005 - DATE AND TIME OF LATEST TRANSACTION
control field 20150909152256.0
008 - FIXED-LENGTH DATA ELEMENTS--GENERAL INFORMATION
fixed length control field 150909b xxu||||| |||| 00| 0 eng d
050 ## - LIBRARY OF CONGRESS CALL NUMBER
Classification number PR9373.9S4
Item number Z63
100 ## - MAIN ENTRY--PERSONAL NAME
Personal name Francite
9 (RLIN) 19692
245 ## - TITLE STATEMENT
Title Senghor
Statement of responsibility, etc by Francite
260 ## - PUBLICATION, DISTRIBUTION, ETC. (IMPRINT)
Place of publication, distribution, etc Missouri
Name of publisher, distributor, etc St. Louis University
Date of publication, distribution, etc 1973
300 ## - PHYSICAL DESCRIPTION
Extent 106p.;
Dimensions 22cm.
440 ## - SERIES STATEMENT/ADDED ENTRY--TITLE
Number of part/section of a work n. 2
Name of part/section of a work Francite
Volume number/sequential designation 1973
9 (RLIN) 19693
600 ## - SUBJECT ADDED ENTRY--PERSONAL NAME
Personal name Senghor, leopold Sedar
9 (RLIN) 13859
942 ## - ADDED ENTRY ELEMENTS (KOHA)
Source of classification or shelving scheme Library of Congress Classification
Item type Monograph ( Printed materials)
Holdings
Withdrawn status Lost status Source of classification or shelving scheme Damaged status Not for loan Collection code Home library Current library Shelving location Date acquired Total Checkouts Full call number Barcode Date last seen Price effective from Koha item type
    Library of Congress Classification     Main Collection ARRUPE LIBRARY ARRUPE LIBRARY Main Collection 09/09/2015   PR9373.9S4Z63 46500004255 09/09/2015 09/09/2015 Monograph ( Printed materials)

 

Arrupe Library. PO Box MP320 Mt Pleasant, Harare, Zimbabwe
263 242 745411|librarian@aju.ac.zw